1932 1250 1557 1898 1582 1928 1082 1485 1843 1300 1598 1058 1504 1846 1260 1747 1766 1612 1977 1711 1963 1651 1996 1414 1470 1008 1918 1112 1349 1335 1568 1802 1077 1656 1922 1612 1005 1929 1398 1839 1056 1938 1914 1397 1008 1872 1814 1911 1086 1946 1933 1892 1820 1940 1163 1087 1625 1194 1075 1801 1323 1661 1346 1027 1136 1440 1530 1008 1153 1568 1725 1536 1681 1888 1322 1840 1361 1782 1070 1139 1782 1277 1912 1662 1232 1381 1886 1306 1648 1322 1883 1615 1661 1951 1205 1939 1670 1299 1500 BCNSPRNW ULIB Ver.6.0+V

เปลี่ยนเป็นภาษาไทย

Change to English
 แสดงรายละเอียดบรรณานุกรม
  กลับหน้าหลัก

Brief Record : Get Marc (ISO 2709) : E-mail record : QR code < ปิดหน้าต่าง
LEADER : 00000nam 2200000uu 4500
001    13399124156
003     ULIB
008    150122s2555||||th 000 0 tha d
020    ^a9786165056311
050  4 ^aHD58^bส719พ ล.1
110    ^aมหาวิทยาลัยสุโขทัยธรรมาธิราช.^bสาขาวิชาพยาบาลศาสตร์.
245    ^aเอกสารการสอนชุดวิชา พฤติกรรมมนุษย์ในองค์การ หน่วยที่ 1-7 =^bHuman Behavior in Organization./^cสาขาวิชาพยาบาลศาสตร์ มหาวิทยาลัยสุโขทัยธรรมาธิราช
250    ^aพิมพ์ครั้งที่ 2 (ฉบับปรับปรุงครั้งที่1 )
260    ^aกรุงเทพฯ :^bสาขาวิชาพยาบาลศาสตร์ มหาวิทยาลัยสุโขทัยธรรมาธิราช,^c2555
300    ^a2 เล่ม ;^b29.5 ซม.
650    ^aพฤติกรรมมนุษย์
650  0 พฤติกรรมองค์การ
650  0 ทฤษฎีองค์การ
945    ^p0^l0^i038723
945    ^p0^l0^i038724
999    ^aเกษร โพธิ์สุวรรณ
รายการนี้ยังไม่มีแท็ก
คุณยังไม่ได้ล็อกอิน คุณสามารถมีกิจกรรมร่วมกับเว็บไซต์ได้ แต่ต้องล็อกอินก่อน ::
  ล็อกอิน

รายการสื่อสารสนเทศ

ลำดับที่ ประเภท เลขเรียก/บาร์โค้ด สถานที่ สถานะ
1. การศึกษาทั่วไป
หนังสือสำรอง
สถานะ=หนังสือสำรอง
HD58 ส719พ ล.1 ฉ.1 
  Barcode: 038723
ห้องสมุดวิทยาเขตสวรรค์ประชารักษ์
►หนังสือทั่วไป
บนชั้น
2. การศึกษาทั่วไป
การศึกษาทั่วไป
HD58 ส719พ ล.1 ฉ.2 
  Barcode: 038724
ห้องสมุดวิทยาเขตสวรรค์ประชารักษ์
►หนังสือทั่วไป
บนชั้น

รายการใกล้เคียง
    หัวเรื่อง [พฤติกรรมมนุษย์]
    หัวเรื่อง [พฤติกรรมองค์การ]

BibComment


ยังไม่เคยถูกคอมเมนท์

คอมเมนท์ทรัพยากรรายการนี้
  คอมเมนท์: เอกสารการสอนชุดว..


 Copyright 2026. Bcnsprnw @Library